Plant pathology and plant pathogens.

"Plant Pathology is the scientific study of plant diseases and the pathogens that cause them, including viruses, bacteria, fungi, oomycetes and nematodes. The management of plant disease, disease cycles and the environmental conditions associated with disease are also integral to the study of p...

詳細記述

保存先:
書誌詳細
第一著者: Lucas, J. A. (John Alexander), 1948- (著者)
フォーマット: 図書
言語:英語
出版事項: Hoboken, USA : Wiley-Blackwell, 2020.
版:Fourth edition.
主題:
タグ: タグ追加
タグなし, このレコードへの初めてのタグを付けませんか!

MARC

LEADER 00000cam a22000008i 4500
001 21315451
003 CL-VaPUC
005 20250314121335.0
008 191129s2020 nju b 001 0 eng
999 |c 445632  |d 445630 
010 |a  2019051991 
020 |a 9781118893869  |q (paperback) 
040 |a DLC  |b eng  |e rda  |c Pontificia Universidad Católica de Valparaíso 
042 |a pcc 
050 0 0 |a SB731  |b .D5 2020 
082 0 0 |a 632 LUC 2020  |2 23 
100 1 |a Lucas, J. A.  |q (John Alexander),  |d 1948-  |e author.  |9 896447 
245 1 0 |a Plant pathology and plant pathogens. 
250 |a Fourth edition. 
260 |a Hoboken, USA :  |b Wiley-Blackwell,  |c 2020. 
300 |a 416 páginas :  |b ilustraciones. 
504 |a Includes bibliographical references and index. 
520 |a "Plant Pathology is the scientific study of plant diseases and the pathogens that cause them, including viruses, bacteria, fungi, oomycetes and nematodes. The management of plant disease, disease cycles and the environmental conditions associated with disease are also integral to the study of plant pathology. Plant disease is relevant to many areas of biological and agricultural science; for example it has impacts on crop quality and yield, horticulture, plant biodiversity and human health and wellbeing. Some well-known examples of plant pathogens include potato blight (Phytophthora infestans), Fusarium wilt disease (Fusarium spp.) which affects grain and other crops and the recent Ash dieback epidemic (Chalara fraxinea). The need for effective crop protection is now even more pressing with the estimates of population growth and adaptation to more variable climate. The link between fundamental discovery and practical application in crop protection is vital. Like all of biology, plant pathology is now embracing the "Omics revolution", and recent advances in plant breeding and biotechnology are also leading to a better understanding of pathogen biology and plant responses to disease"--  |c Provided by publisher. 
583 |c 20250310 
650 0 |a Microorganismos fitopatógenos  |x Control.  |9 896448 
650 0 |a Enfermedades de las plantas  |9 259687 
650 0 |a Relaciones planta-patógeno  |9 896449 
942 |2 ddc  |c BK 
952 |0 0  |1 0  |2 ddc  |4 0  |6 632_000000000000000_LUC_2020  |7 0  |8 A  |9 600626  |a BIBAGR  |b BIBAGR  |d 2025-03-05  |e 3  |g 120283.00  |i 5665552  |o 632 LUC 2020  |p 5665552  |r 2025-03-05  |t 1  |v 120283.00  |w 2025-03-05  |y BK  |k AGR